Social and human sciences. (Registro nro. 43269)

Detalles MARC
000 -LEADER
fixed length control field 01247nam a2200301 4500
001 - CONTROL NUMBER
control field 0000021623
003 - CONTROL NUMBER IDENTIFIER
control field CO-CtgCURN
005 - DATE AND TIME OF LATEST TRANSACTION
control field 20250429224755.0
007 - PHYSICAL DESCRIPTION FIXED FIELD--GENERAL INFORMATION
fixed length control field ta
008 - FIXED-LENGTH DATA ELEMENTS--GENERAL INFORMATION
fixed length control field 160627e201400 000 0 eng d
040 ## - CATALOGING SOURCE
Original cataloging agency CO-CtgCURN
Language of cataloging spa
Transcribing agency coctgcurn
082 0# - DEWEY DECIMAL CLASSIFICATION NUMBER
Classification number 428.24
Item number S678
245 00 - TITLE STATEMENT
Title Social and human sciences.
260 ## - PUBLICATION, DISTRIBUTION, ETC.
Place of publication, distribution, etc. [s.l] :
Name of publisher, distributor, etc. [s.n],
Date of publication, distribution, etc. [2014?]
300 ## - PHYSICAL DESCRIPTION
Extent 41 p.
336 ## - CONTENT TYPE
Source rdacontent
337 ## - MEDIA TYPE
Source rdamedia
Media type term sin mediacion
Media type code n
338 ## - CARRIER TYPE
Source rdacarrier
Carrier type term volumen
Carrier type code nc
490 1# - SERIES STATEMENT
Series statement English program
500 ## - GENERAL NOTE
General note Titulo tomado de la caratula.
505 8# - FORMATTED CONTENTS NOTE
Formatted contents note What is law? -- Who is a lawyer? -- Types of law -- Capital punishment -- Social work -- Child, family, and school social worker -- Social worker profile -- Pros and cons of child behavior -- Respite care -- Raising adopted children -- Tiffanys child abuse and domestic violence story -- The role of women in our society has changed -- Intrafamily violence
546 ## - LANGUAGE NOTE
Language note Texto en ingles.
650 14 - SUBJECT ADDED ENTRY--TOPICAL TERM
Topical term or geographic name entry element Ingles
Form subdivision Enseñanza superior
General subdivision Estudiantes extranjeros.
908 ## - PUT COMMAND PARAMETER (RLIN)
Put command parameter 160627
942 ## - ADDED ENTRY ELEMENTS (KOHA)
Koha item type Libros
Classification part 428.24
Item part S678
Source of classification or shelving scheme Dewey Decimal Classification

No hay ítems disponibles.